| 000 -CABECERA |
| Longitud fija campo de control |
01175nam a2200349 a 4500 |
| 001 - NÚMERO DE CONTROL |
| Número de control |
991004009729706706 |
| 003 - IDENTIFICADOR DEL NÚMERO DE CONTROL |
| Identificador del número de control |
OSt |
| 005 - FECHA Y HORA DE LA ÚLTIMA TRANSACCIÓN |
| Fecha y hora de la última transacción |
20211130143144.0 |
| 008 - CÓDIGOS DE INFORMACIÓN DE LONGITUD FIJA |
| Códigos de información de longitud fija |
131104s2013 sp ||||||||| 000 0 cat|c |
| 017 ## - NÚMERO DE COPYRIGHT O DE DEPÓSITO LEGAL |
| Número de copyright o de depósito legal |
DL V. 1697-2013 |
| 020 ## - NÚMERO INTERNACIONAL NORMALIZADO PARA LIBROS |
| Número Internacional Normalizado para Libros (ISBN) |
9788437091136 |
| 035 ## - NÚMERO DE CONTROL DEL SISTEMA |
| Número de control del sistema |
(ES-BaCBU)b58382562-34csuc_network |
| 035 ## - NÚMERO DE CONTROL DEL SISTEMA |
| Número de control del sistema |
(ES-BaCBU).b58382562 |
| 035 ## - NÚMERO DE CONTROL DEL SISTEMA |
| Número de control del sistema |
(ccuc001)b58382562 |
| 040 ## - FUENTE DE LA CATALOGACIÓN |
| Centro catalogador de origen |
ES-BaCBU |
| Lengua de catalogación |
cat |
| Centro transcriptor |
ES-BaCBU |
| Centro modificado |
CDMR |
| 041 ## - CÓDIGO DE LENGUA |
| Código de lengua del texto/banda sonora o título independiente |
cat |
| -- |
spa |
| 043 ## - CÓDIGO DE ÁREA GEOGRÁFICA |
| Código de área geográfica |
e-sp--- |
| Código local GAC |
e-spv-- |
| Fuente del código local |
catmarc |
| 090 ## - CAMPOS LOCALES |
| Número de clasificación (OCLC) ; Número de clasificación,LLAMADA (RLIN) |
PN1992.92.R33 |
| Signatura local (OCLC) ; Signatura sin dividir, número de libro, CALL (RLIN) |
A24 2013 |
| 245 00 - MENCIÓN DE TÍTULO |
| Título |
Adéu, RTVV : |
| Resto del título |
crònica del penúltim fracàs de la societat valenciana / |
| Mención de responsabilidad, etc. |
Borja Flors, Vicent Climent (eds.) |
| 260 ## - PUBLICACIÓN, DISTRIBUCIÓN, ETC. (PIE DE IMPRENTA) |
| Lugar de publicación, distribución, etc. |
[València] : |
| Nombre del editor, distribuidor, etc. |
Universitat de València, |
| Fecha de publicación, distribución, etc. |
cop. 2013 |
| 300 ## - DESCRIPCIÓN FÍSICA |
| Extensión |
269 p. ; |
| Dimensiones |
21 cm |
| 490 ## - MENCIÓN DE SERIE |
| Mención de serie |
Encuadres ; |
| Designación de volumen o secuencia |
3 |
| 546 ## - NOTA DE LENGUA |
| Nota de lengua |
Textos en català o castellà |
| 610 20 - PUNTO DE ACCESO ADICIONAL DE MATERIA - NOMBRE DE ENTIDAD CORPORATIVA |
| Nombre de entidad corporativa o nombre de jurisdicción como elemento inicial |
Radiotelevisión Valenciana |
| Fuente de encabezamiento o término |
lemac |
| 9 (RLIN) |
3897 |
| Subdivisió,n de materia general |
Història |
| 610 #0 - PUNTO DE ACCESO ADICIONAL DE MATERIA - NOMBRE DE ENTIDAD CORPORATIVA |
| Nombre de entidad corporativa o nombre de jurisdicción como elemento inicial |
Canal 9 |
| 9 (RLIN) |
4745 |
| Subdivisió,n de materia general |
Història |
| 700 1# - PUNTO DE ACCESO ADICIONAL - NOMBRE DE PERSONA |
| Nombre de persona |
Flors, Borja. |
| 700 1# - PUNTO DE ACCESO ADICIONAL - NOMBRE DE PERSONA |
| Nombre de persona |
Climent, Vicent |
| Forma desarrollada del nombre |
(Climent Ferrando) |
| 907 ## - ELEMENTO G DATOS LOCALES, GDL (RLIN) |
| a |
.b58382562 |
| b |
25-06-21 |
| c |
04-11-13 |
| d |
04-11-13 |
| e |
m |
| f |
a |
| g |
- |
| h |
cat |
| i |
sp |
| j |
0 |
| k |
0 |
| 908 ## - CONTROL DE PARÁMETROS (RLIN) |
| Parametro de comando lanzado |
UAB |
| -- |
UPF |
| -- |
UJI |
| -- |
URV |
| 940 ## - |
| T&íacute;tulo uniforme |
<a href="UAB">UAB</a> |
| 942 ## - ENTRADA DE ELEMENTOS AGREGADOS (KOHA) |
| Fuente de clasificaión o esquema |
|
| Koha [por defecto] tipo de item |
Monografies |